Návrh revitalizácie sídelnej zelene vybraného areálu, Ladzianskeho ul. Bratislava, m.č. Nové Mesto

Gespeichert in:
Bibliographische Detailangaben
1. Verfasser: Ilková, Lucia (Verfasst von)
Weitere Verfasser: Gécová, Katarína, 1960- (Betreuung Doktorarbeit)
Format: Manuskript Buch
Sprache:Slowakisch
Veröffentlicht: Bratislava 2015
Schlagworte:
Online-Zugang:http://is.stuba.sk/zp/portal_zp.pl?podrobnosti=102912
Tags: Tag hinzufügen
Keine Tags, Fügen Sie das erste Tag hinzu!

MARC

LEADER 00000ntm a22000003a 4500
001 stuzp52526
003 SK-STU
005 20210302091042.0
007 ta
008 150427s2015----xo-----f-mn---000-0-slo-d
040 |a STU  |b slo 
041 0 |a slo 
100 1 |a Ilková, Lucia  |u 057170  |4 aut  |U FAD Fakulta architektúry  |T FA Ústav krajinnej a záhradnej architektúry  |X 70329  |U A7170  |Y 398  |7 70329 
242 0 1 |a Design of revitalization residential green in selected area, Ladzianskeho street, Bratislava, city district Nové mesto  |y eng 
245 1 0 |a Návrh revitalizácie sídelnej zelene vybraného areálu, Ladzianskeho ul. Bratislava, m.č. Nové Mesto 
260 |c 2015  |a Bratislava 
650 4 |a vonku ako doma  |2 slo 
650 4 |a vnútroblok  |2 slo 
650 4 |a zeleň  |2 slo 
650 4 |a šport  |2 slo 
650 4 |a the courtyard  |2 eng 
650 4 |a green  |2 eng 
650 4 |a life  |2 eng 
650 4 |a sport  |2 eng 
700 1 |a Gécová, Katarína,  |d 1960-  |4 ths  |X 369  |7 A000000369 
856 4 |u http://is.stuba.sk/zp/portal_zp.pl?podrobnosti=102912  |u https://opac.crzp.sk/?fn=detailBiblioForm&sid=367CD704F5D5570C77E0F1DE3652 
SQL |a stuzp52526  |b DBP  |c SLO  |d Návrh revitalizácie sídelnej zelene vybraného areálu, Ladzianskeho ul. Bratislava, m.č. Nové Mesto  |e 70329  |f Ilková, Lucia  |g 057170  |h 369  |i Gécová, Katarína  |j 20150612  |k 151  |l 05  |m http://is.stuba.sk/zp/portal_zp.pl?podrobnosti=102912  |n B-KAKP  |o 6.1.17. krajinná a záhradná architektúra